Quiz de culture générale #2 - Alex H. - Statistiques

Statistiques générales
  • Ce quiz a été pris 154 fois
  • Le résultat moyen est 6 sur 20
Statistiques - réponses
Hint Réponse % Correct
Quel est le dieu de la guerre ? Arès / Mars
83%
Quel est le nom de la matière qui a pour symbole N ? Azote
67%
Qui a inventé le téléphone ? Alexander Graham Bell
55%
Quelle est la température de fusion de l'or (environ) ? 1000°C
53%
Quelle est la 2e ville la plus peuplée d'Allemagne ? Hambourg
47%
Quel est le nom complet de la chaine dont le logo est l'image du quiz ? Cartoon Network
46%
Quelle est l'année d'adoption du Code Civil ? 1804
45%
Par quel animal est représentée Sekhmet, déesse guerrière de la mythologie égyptienne ? Lion
24%
Quel type de plante est auto-suffisante ? Cactus
22%
Quel pays est le plus au Sud dans le monde (outre-mer compris) ? Royaume-uni
22%
De quel pays les pounchkis sont-ils la spécialité ? Pologne
19%
Combien y a-t-il d'éléments au total dans le tableau périodique ? 118
18%
Quel est le pays originaire de la vanille ? Mexique
14%
Quand a été fabriqué le premier briquet ? 1823
9%
Quand ont été fabriquées les premières allumettes ? 1826
9%
De quelle région le cassoulet est-il originaire ? Languedoc
9%
Loup mythologique poursuivant le Soleil ? Skoll
9%
Loup mythologique poursuivant la Lune ? Hati
8%
Quel métal commun est le plus dense ? Uranium
7%
Quel a été le tout premier oiseau ? Archaeopteryx
5%
Aucun quiz correspondant
Distribution des résultats
% des personnes avec chaque résultat
Percentile par nombre de réponses
Votre historique - résultats
Vous n’avez pas pris ce quiz